Rendezvous with Rama (Record no. 24734)

MARC details
000 -LEADER
fixed length control field 00248nam a2200109Ia 4500
082 ## - DEWEY DECIMAL CLASSIFICATION NUMBER
Classification number 82-3
Item number CLA
100 ## - MAIN ENTRY--AUTHOR NAME
Personal name Arthur C
245 #0 - TITLE STATEMENT
Title Rendezvous with Rama
260 ## - PUBLICATION, DISTRIBUTION, ETC. (IMPRINT)
Name of publisher Ballantine
Year of publication 1974
942 ## - ADDED ENTRY ELEMENTS (KOHA)
Koha item type Books
Holdings
Withdrawn status Lost status Damaged status Not for loan Home library Current library Date acquired Cost, normal purchase price Full call number Accession Number Koha item type
        RRII Library RRII Library 16/12/2021 11.75 82-3 CLA 05406 Books